000 00599nam a2200241Ia 4500
003 OSt
005 20221006144752.0
006 a|||||r|||| 00| 0
007 ta
008 221006b |||||||| |||| 00| 0 eng d
020 _c90.00
024 _a12,658
037 _cTextual
040 _aEASL
_cEASL
_beng
041 _2eng
_aeng
082 _aV41:192.N5, M0
100 _aMISRA A N
245 0 _aDiplomatic triangle
260 _aPatna
_bJanki Prakashan
_c1980
300 _a380p.
_ccm.
942 _hV41:192.N5, M0
_cTEXL
_2CC
999 _c1080744
_d1080744